[Event "ODJM A 2024"]
[Site "Willingen GER"]
[Date "2024.05.24"]
[Round "8"]
[White "Brandl, Lea Maria"]
[Black "Ellinger, Maximilian"]
[Result "1/2-1/2"]
[Termination "normal"]
[Board "23"]
[WhiteElo "1920"]
[BlackElo "1818"]
[WhiteClock "00:07:42"]
[BlackClock "00:21:04"]
[PlyCount "114"]
[WhiteFideId "24693049"]
[BlackFideId "34631003"]
[EventCountry "GER"]
[EventRounds "9"]
[EventType "swiss"]
[EventDate "2024.05.18"]

1. d4 {[%clk 01:30:56]} {[%emt 00:00:04]} Nf6 {[%clk 01:30:43]} {[%emt
00:00:16]} 2. c4 {[%clk 01:31:20]} {[%emt 00:00:06]} c5 {[%clk 01:31:03]}
{[%emt 00:00:10]} 3. d5 {[%clk 01:31:32]} {[%emt 00:00:18]} b5 {[%clk
01:31:21]} {[%emt 00:00:12]} 4. cxb5 {[%clk 01:31:47]} {[%emt 00:00:16]} a6
{[%clk 01:31:43]} {[%emt 00:00:08]} 5. b6 {[%clk 01:32:06]} {[%emt 00:00:11]}
Qxb6 {[%clk 01:31:02]} {[%emt 00:01:11]} 6. Nc3 {[%clk 01:32:09]} {[%emt
00:00:26]} d6 {[%clk 01:31:01]} {[%emt 00:00:32]} 7. a4 {[%clk 01:31:39]}
{[%emt 00:01:00]} g6 {[%clk 01:30:10]} {[%emt 00:01:20]} 8. a5 {[%clk
01:31:32]} {[%emt 00:00:37]} Qb4 {[%clk 01:29:17]} {[%emt 00:01:23]} 9. Ra4
{[%clk 01:30:40]} {[%emt 00:01:22]} Qb7 {[%clk 01:29:37]} {[%emt 00:00:10]} 10.
e4 {[%clk 01:29:47]} {[%emt 00:01:23]} Bg7 {[%clk 01:29:22]} {[%emt 00:00:46]}
11. f4 {[%clk 01:25:42]} {[%emt 00:04:35]} Bd7 {[%clk 01:26:33]} {[%emt
00:03:18]} 12. Ra3 {[%clk 01:24:16]} {[%emt 00:01:56]} Qb4 {[%clk 01:16:25]}
{[%emt 00:10:38]} 13. Rb3 {[%clk 01:13:52]} {[%emt 00:10:54]} Qxa5 {[%clk
01:10:15]} {[%emt 00:06:40]} 14. Bd2 {[%clk 01:11:09]} {[%emt 00:03:13]} Qc7
{[%clk 01:05:50]} {[%emt 00:04:55]} 15. Bc4 {[%clk 00:55:11]} {[%emt 00:16:27]}
O-O {[%clk 01:04:21]} {[%emt 00:02:00]} 16. Nf3 {[%clk 00:53:11]} {[%emt
00:02:31]} Bg4 {[%clk 01:03:26]} {[%emt 00:01:24]} 17. h3 {[%clk 00:48:08]}
{[%emt 00:05:33]} Bxf3 {[%clk 01:03:41]} {[%emt 00:00:15]} 18. Qxf3 {[%clk
00:48:20]} {[%emt 00:00:18]} Nbd7 {[%clk 01:00:36]} {[%emt 00:03:35]} 19. Ra3
{[%clk 00:43:35]} {[%emt 00:05:15]} Rfb8 {[%clk 00:49:53]} {[%emt 00:11:13]}
20. Na4 {[%clk 00:39:10]} {[%emt 00:04:55]} Ne8 {[%clk 00:44:12]} {[%emt
00:06:10]} 21. b3 {[%clk 00:34:34]} {[%emt 00:05:07]} Qc8 {[%clk 00:41:51]}
{[%emt 00:02:51]} 22. Ba5 {[%clk 00:26:00]} {[%emt 00:09:04]} Nc7 {[%clk
00:41:27]} {[%emt 00:00:55]} 23. Bxc7 {[%clk 00:23:47]} {[%emt 00:02:42]} Qxc7
{[%clk 00:41:47]} {[%emt 00:00:10]} 24. O-O {[%clk 00:23:44]} {[%emt 00:00:33]}
Rb7 {[%clk 00:33:45]} {[%emt 00:08:33]} 25. Kh1 {[%clk 00:23:12]} {[%emt
00:01:01]} Qa5 {[%clk 00:29:20]} {[%emt 00:04:55]} 26. Rf2 {[%clk 00:20:59]}
{[%emt 00:02:44]} Bd4 {[%clk 00:27:47]} {[%emt 00:02:02]} 27. Re2 {[%clk
00:20:28]} {[%emt 00:01:01]} Qb4 {[%clk 00:25:56]} {[%emt 00:02:21]} 28. Raa2
{[%clk 00:19:52]} {[%emt 00:01:07]} Nf6 {[%clk 00:20:42]} {[%emt 00:05:43]} 29.
Qg3 {[%clk 00:17:30]} {[%emt 00:02:51]} Ne8 {[%clk 00:19:45]} {[%emt 00:01:28]}
30. Qe1 {[%clk 00:14:50]} {[%emt 00:03:10]} Qxe1+ {[%clk 00:18:21]} {[%emt
00:01:53]} 31. Rxe1 {[%clk 00:15:16]} {[%emt 00:00:04]} Nc7 {[%clk 00:18:25]}
{[%emt 00:00:27]} 32. Nb2 {[%clk 00:13:14]} {[%emt 00:02:31]} Bxb2 {[%clk
00:16:38]} {[%emt 00:02:18]} 33. Rxb2 {[%clk 00:13:40]} {[%emt 00:00:04]} Nb5
{[%clk 00:16:44]} {[%emt 00:00:23]} 34. Ra2 {[%clk 00:13:23]} {[%emt 00:00:47]}
Nd4 {[%clk 00:16:08]} {[%emt 00:01:06]} 35. Rb1 {[%clk 00:13:02]} {[%emt
00:00:52]} Rb6 {[%clk 00:14:22]} {[%emt 00:02:16]} 36. Rbb2 {[%clk 00:07:57]}
{[%emt 00:05:35]} a5 {[%clk 00:12:46]} {[%emt 00:02:06]} 37. Ra4 {[%clk
00:06:47]} {[%emt 00:01:40]} Rb4 {[%clk 00:11:11]} {[%emt 00:02:05]} 38. Rxb4
{[%clk 00:06:14]} {[%emt 00:01:03]} axb4 {[%clk 00:11:37]} {[%emt 00:00:04]}
39. Kg1 {[%clk 00:04:44]} {[%emt 00:02:00]} Ra1+ {[%clk 00:11:33]} {[%emt
00:00:34]} 40. Kf2 {[%clk 00:05:03]} {[%emt 00:00:11]} Rc1 {[%clk 00:10:56]}
{[%emt 00:01:06]} 41. Kg3 {[%clk 00:25:36]} {[%emt 00:09:57]} Rc3+ {[%clk
00:39:59]} {[%emt 00:01:27]} 42. Kf2 {[%clk 00:16:45]} {[%emt 00:09:21]} Rc2+
{[%clk 00:39:24]} {[%emt 00:01:06]} 43. Rxc2 {[%clk 00:17:11]} {[%emt
00:00:04]} Nxc2 {[%clk 00:39:51]} {[%emt 00:00:02]} 44. Ke2 {[%clk 00:17:16]}
{[%emt 00:00:26]} Na3 {[%clk 00:39:55]} {[%emt 00:00:26]} 45. Ba6 {[%clk
00:15:03]} {[%emt 00:02:42]} Kg7 {[%clk 00:37:03]} {[%emt 00:03:23]} 46. Kd3
{[%clk 00:14:16]} {[%emt 00:01:17]} Kf6 {[%clk 00:37:14]} {[%emt 00:00:19]} 47.
Bc8 {[%clk 00:13:44]} {[%emt 00:01:02]} g5 {[%clk 00:35:45]} {[%emt 00:01:58]}
48. g3 {[%clk 00:13:17]} {[%emt 00:00:57]} Nb5 {[%clk 00:32:03]} {[%emt
00:04:12]} 49. Ba6 {[%clk 00:12:27]} {[%emt 00:01:21]} Nd4 {[%clk 00:32:25]}
{[%emt 00:00:08]} 50. Bc4 {[%clk 00:12:22]} {[%emt 00:00:34]} gxf4 {[%clk
00:31:05]} {[%emt 00:01:50]} 51. gxf4 {[%clk 00:12:48]} {[%emt 00:00:04]} Kg6
{[%clk 00:31:29]} {[%emt 00:00:06]} 52. Ke3 {[%clk 00:11:45]} {[%emt 00:01:34]}
Kh5 {[%clk 00:31:17]} {[%emt 00:00:41]} 53. Kf2 {[%clk 00:10:28]} {[%emt
00:01:48]} Kh4 {[%clk 00:31:41]} {[%emt 00:00:05]} 54. Kg2 {[%clk 00:10:28]}
{[%emt 00:00:30]} Nc2 {[%clk 00:31:57]} {[%emt 00:00:15]} 55. Kf3 {[%clk
00:07:46]} {[%emt 00:03:12]} Na3 {[%clk 00:29:29]} {[%emt 00:02:57]} 56. Bd3
{[%clk 00:07:36]} {[%emt 00:00:41]} Kxh3 {[%clk 00:27:53]} {[%emt 00:02:06]}
57. e5 {[%clk 00:07:42]} {[%emt 00:00:24]} Kh4 {[%clk 00:21:04]} {[%emt
00:07:18]} 1/2-1/2

[Event "ODJM A 2024"]
[Site "Willingen GER"]
[Date "2024.05.24"]
[Round "8"]
[White "Nguyen, Phuc Nhat"]
[Black "Ruddat, Jarne"]
[Result "0-1"]
[Termination "normal"]
[Board "24"]
[WhiteElo "1893"]
[BlackElo "1854"]
[WhiteClock "00:41:24"]
[BlackClock "00:55:59"]
[PlyCount "52"]
[WhiteFideId "16253590"]
[BlackFideId "16254236"]
[EventCountry "GER"]
[EventRounds "9"]
[EventType "swiss"]
[EventDate "2024.05.18"]

1. e4 {[%clk 01:28:46]} {[%emt 00:02:12]} c5 {[%clk 01:30:51]} {[%emt
00:00:09]} 2. Nf3 {[%clk 01:29:12]} {[%emt 00:00:04]} Nc6 {[%clk 01:31:16]}
{[%emt 00:00:05]} 3. d4 {[%clk 01:29:38]} {[%emt 00:00:04]} cxd4 {[%clk
01:31:42]} {[%emt 00:00:04]} 4. Nxd4 {[%clk 01:30:04]} {[%emt 00:00:05]} g6
{[%clk 01:32:09]} {[%emt 00:00:03]} 5. c4 {[%clk 01:30:30]} {[%emt 00:00:04]}
Bg7 {[%clk 01:32:35]} {[%emt 00:00:04]} 6. Be3 {[%clk 01:30:57]} {[%emt
00:00:03]} Nf6 {[%clk 01:33:01]} {[%emt 00:00:04]} 7. Nc3 {[%clk 01:31:24]}
{[%emt 00:00:04]} O-O {[%clk 01:33:26]} {[%emt 00:00:04]} 8. Be2 {[%clk
01:31:51]} {[%emt 00:00:02]} d6 {[%clk 01:33:51]} {[%emt 00:00:05]} 9. O-O
{[%clk 01:32:15]} {[%emt 00:00:07]} Nxd4 {[%clk 01:34:12]} {[%emt 00:00:09]}
10. Bxd4 {[%clk 01:32:40]} {[%emt 00:00:05]} Bd7 {[%clk 01:34:39]} {[%emt
00:00:03]} 11. Qd2 {[%clk 01:33:05]} {[%emt 00:00:06]} Bc6 {[%clk 01:34:51]}
{[%emt 00:00:17]} 12. f3 {[%clk 01:33:33]} {[%emt 00:00:02]} a5 {[%clk
01:33:26]} {[%emt 00:01:54]} 13. b3 {[%clk 01:33:23]} {[%emt 00:00:41]} Nd7
{[%clk 01:33:47]} {[%emt 00:00:09]} 14. Be3 {[%clk 01:33:49]} {[%emt 00:00:04]}
Nc5 {[%clk 01:34:08]} {[%emt 00:00:08]} 15. Rab1 {[%clk 01:34:14]} {[%emt
00:00:05]} Qb6 {[%clk 01:33:33]} {[%emt 00:01:05]} 16. Rfc1 {[%clk 01:34:40]}
{[%emt 00:00:05]} Rfc8 {[%clk 01:33:42]} {[%emt 00:00:21]} 17. Nb5 {[%clk
01:34:51]} {[%emt 00:00:20]} Qd8 {[%clk 01:25:47]} {[%emt 00:08:23]} 18. Nd4
{[%clk 01:34:14]} {[%emt 00:01:08]} h5 {[%clk 01:18:03]} {[%emt 00:08:14]} 19.
Bf1 {[%clk 01:22:17]} {[%emt 00:12:27]} Kh7 {[%clk 01:14:42]} {[%emt 00:03:50]}
20. g3 {[%clk 01:22:16]} {[%emt 00:00:32]} Bd7 {[%clk 01:04:37]} {[%emt
00:10:35]} 21. Bg2 {[%clk 01:10:59]} {[%emt 00:11:46]} Bc6 {[%clk 01:04:14]}
{[%emt 00:00:53]} 22. Rd1 {[%clk 01:05:42]} {[%emt 00:05:47]} Qf8 {[%clk
00:59:14]} {[%emt 00:05:30]} 23. Qc2 {[%clk 01:03:28]} {[%emt 00:02:44]} Ne6
{[%clk 00:55:33]} {[%emt 00:04:11]} 24. Nxe6 {[%clk 00:51:10]} {[%emt
00:12:49]} fxe6 {[%clk 00:55:57]} {[%emt 00:00:05]} 25. Bh3 {[%clk 00:51:33]}
{[%emt 00:00:06]} Qxf3 {[%clk 00:55:51]} {[%emt 00:00:37]} 26. Re1 {[%clk
00:41:24]} {[%emt 00:10:39]} Bxe4 {[%clk 00:55:59]} {[%emt 00:00:23]} 0-1

[Event "ODJM A 2024"]
[Site "Willingen GER"]
[Date "2024.05.24"]
[Round "8"]
[White "Mörke, Niklas"]
[Black "Astner, Sebastian"]
[Result "0-1"]
[Termination "normal"]
[Board "25"]
[WhiteElo "1879"]
[BlackElo "1930"]
[WhiteClock "00:28:33"]
[BlackClock "00:15:27"]
[PlyCount "84"]
[WhiteFideId "12982350"]
[BlackFideId "12979422"]
[EventCountry "GER"]
[EventRounds "9"]
[EventType "swiss"]
[EventDate "2024.05.18"]

1. d4 {[%clk 01:30:55]} {[%emt 00:00:05]} Nf6 {[%clk 01:30:55]} {[%emt
00:00:04]} 2. c4 {[%clk 01:30:32]} {[%emt 00:00:54]} e6 {[%clk 01:31:21]}
{[%emt 00:00:04]} 3. Nc3 {[%clk 01:30:54]} {[%emt 00:00:07]} Bb4 {[%clk
01:31:47]} {[%emt 00:00:04]} 4. Qc2 {[%clk 01:31:18]} {[%emt 00:00:05]} b6
{[%clk 01:31:31]} {[%emt 00:00:47]} 5. e4 {[%clk 01:30:42]} {[%emt 00:01:06]}
Bb7 {[%clk 01:30:52]} {[%emt 00:01:09]} 6. Bd3 {[%clk 01:30:40]} {[%emt
00:00:32]} d5 {[%clk 01:28:22]} {[%emt 00:03:01]} 7. cxd5 {[%clk 01:28:22]}
{[%emt 00:02:47]} exd5 {[%clk 01:27:49]} {[%emt 00:01:03]} 8. e5 {[%clk
01:27:34]} {[%emt 00:01:18]} Ne4 {[%clk 01:26:17]} {[%emt 00:02:02]} 9. Nge2
{[%clk 01:24:35]} {[%emt 00:03:28]} c5 {[%clk 01:23:37]} {[%emt 00:03:11]} 10.
O-O {[%clk 01:21:58]} {[%emt 00:03:07]} Nc6 {[%clk 01:16:57]} {[%emt 00:07:10]}
11. Bxe4 {[%clk 01:16:49]} {[%emt 00:05:39]} Bxc3 {[%clk 01:15:56]} {[%emt
00:01:32]} 12. bxc3 {[%clk 01:12:25]} {[%emt 00:04:52]} dxe4 {[%clk 01:16:22]}
{[%emt 00:00:05]} 13. Qxe4 {[%clk 01:00:13]} {[%emt 00:12:42]} Nxd4 {[%clk
01:15:28]} {[%emt 00:01:25]} 14. Qxb7 {[%clk 00:59:50]} {[%emt 00:00:52]} Nxe2+
{[%clk 01:15:54]} {[%emt 00:00:04]} 15. Kh1 {[%clk 01:00:05]} {[%emt 00:00:15]}
Nxc3 {[%clk 01:06:07]} {[%emt 00:10:16]} 16. Qc6+ {[%clk 00:59:27]} {[%emt
00:01:08]} Kf8 {[%clk 01:06:24]} {[%emt 00:00:14]} 17. Bb2 {[%clk 00:50:19]}
{[%emt 00:09:37]} Qd5 {[%clk 00:59:50]} {[%emt 00:07:05]} 18. Qd6+ {[%clk
00:49:23]} {[%emt 00:01:26]} Qxd6 {[%clk 01:00:14]} {[%emt 00:00:07]} 19. exd6
{[%clk 00:49:47]} {[%emt 00:00:05]} Nb5 {[%clk 00:57:33]} {[%emt 00:03:11]} 20.
Rad1 {[%clk 00:49:10]} {[%emt 00:01:07]} Rd8 {[%clk 00:55:11]} {[%emt
00:02:53]} 21. d7 {[%clk 00:48:29]} {[%emt 00:01:11]} f6 {[%clk 00:38:44]}
{[%emt 00:16:56]} 22. a4 {[%clk 00:46:01]} {[%emt 00:02:58]} Nc7 {[%clk
00:37:35]} {[%emt 00:01:39]} 23. a5 {[%clk 00:45:37]} {[%emt 00:00:53]} Kf7
{[%clk 00:36:07]} {[%emt 00:01:57]} 24. axb6 {[%clk 00:44:29]} {[%emt
00:01:38]} axb6 {[%clk 00:36:33]} {[%emt 00:00:05]} 25. Rd6 {[%clk 00:44:18]}
{[%emt 00:00:40]} Rb8 {[%clk 00:35:34]} {[%emt 00:01:30]} 26. Rfd1 {[%clk
00:43:08]} {[%emt 00:01:39]} Rhd8 {[%clk 00:35:50]} {[%emt 00:00:14]} 27. g4
{[%clk 00:42:14]} {[%emt 00:01:25]} Rb7 {[%clk 00:34:29]} {[%emt 00:01:52]} 28.
g5 {[%clk 00:40:08]} {[%emt 00:02:35]} fxg5 {[%clk 00:32:56]} {[%emt 00:02:03]}
29. Rc6 {[%clk 00:37:41]} {[%emt 00:02:56]} Nb5 {[%clk 00:28:08]} {[%emt
00:05:18]} 30. Be5 {[%emt 00:02:29]} Nd4 {[%clk 00:16:10]} {[%emt 00:12:25]}
31. Bxd4 {[%clk 00:35:23]} {[%emt 00:00:51]} Rdxd7 {[%clk 00:16:23]} {[%emt
00:00:18]} 32. Kg2 {[%clk 00:32:40]} {[%emt 00:03:12]} cxd4 {[%clk 00:16:00]}
{[%emt 00:00:54]} 33. Rd3 {[%clk 00:31:48]} {[%emt 00:01:21]} b5 {[%clk
00:15:40]} {[%emt 00:00:51]} 34. Kf3 {[%clk 00:31:35]} {[%emt 00:00:42]} b4
{[%clk 00:15:24]} {[%emt 00:00:47]} 35. Rc2 {[%clk 00:30:47]} {[%emt 00:01:17]}
Kf6 {[%clk 00:14:03]} {[%emt 00:01:52]} 36. Ke4 {[%clk 00:29:29]} {[%emt
00:01:48]} Rb6 {[%clk 00:13:22]} {[%emt 00:01:12]} 37. Rxd4 {[%clk 00:28:39]}
{[%emt 00:01:19]} Rxd4+ {[%clk 00:13:48]} {[%emt 00:00:04]} 38. Kxd4 {[%clk
00:29:04]} {[%emt 00:00:05]} b3 {[%clk 00:14:16]} {[%emt 00:00:02]} 39. Rb2
{[%clk 00:29:12]} {[%emt 00:00:22]} Kf5 {[%clk 00:14:40]} {[%emt 00:00:06]} 40.
Ke3 {[%clk 00:28:58]} {[%emt 00:00:44]} Ke5 {[%clk 00:14:59]} {[%emt 00:00:11]}
41. h3 {[%clk 00:28:45]} {[%emt 00:00:42]} Kd5 {[%clk 00:15:02]} {[%emt
00:00:28]} 42. Kd3 {[%clk 00:28:33]} {[%emt 00:00:41]} Rh6 {[%clk 00:15:27]}
{[%emt 00:00:05]} 0-1

[Event "ODJM A 2024"]
[Site "Willingen GER"]
[Date "2024.05.24"]
[Round "8"]
[White "Frohnhäuser, Simon"]
[Black "Wendt, Felix"]
[Result "1-0"]
[Termination "normal"]
[Board "26"]
[WhiteElo "1985"]
[BlackElo "1766"]
[WhiteClock "00:08:09"]
[BlackClock "00:07:02"]
[PlyCount "57"]
[WhiteFideId "16208528"]
[BlackFideId "34663592"]
[EventCountry "GER"]
[EventRounds "9"]
[EventType "swiss"]
[EventDate "2024.05.18"]

1. e4 {[%clk 01:30:56]} {[%emt 00:00:04]} c6 {[%clk 01:30:37]} {[%emt
00:00:22]} 2. Nc3 {[%clk 01:31:22]} {[%emt 00:00:04]} d5 {[%clk 01:31:03]}
{[%emt 00:00:04]} 3. Nf3 {[%clk 01:31:49]} {[%emt 00:00:03]} dxe4 {[%clk
01:31:29]} {[%emt 00:00:04]} 4. Nxe4 {[%clk 01:32:14]} {[%emt 00:00:05]} Nf6
{[%clk 01:31:52]} {[%emt 00:00:08]} 5. Qe2 {[%clk 01:32:30]} {[%emt 00:00:14]}
Nxe4 {[%clk 01:32:17]} {[%emt 00:00:05]} 6. Qxe4 {[%clk 01:32:55]} {[%emt
00:00:05]} Nd7 {[%clk 01:32:43]} {[%emt 00:00:04]} 7. Bc4 {[%clk 01:33:18]}
{[%emt 00:00:06]} Nf6 {[%clk 01:33:08]} {[%emt 00:00:05]} 8. Ne5 {[%clk
01:33:46]} {[%emt 00:00:03]} e6 {[%clk 01:33:34]} {[%emt 00:00:04]} 9. Qe2
{[%clk 01:34:12]} {[%emt 00:00:04]} b5 {[%clk 01:33:52]} {[%emt 00:00:12]} 10.
Bd3 {[%clk 01:34:32]} {[%emt 00:00:10]} Qc7 {[%clk 01:34:13]} {[%emt 00:00:08]}
11. a4 {[%clk 01:34:54]} {[%emt 00:00:08]} b4 {[%clk 01:24:12]} {[%emt
00:10:31]} 12. Nxc6 {[%clk 01:34:15]} {[%emt 00:01:09]} Bb7 {[%clk 01:23:30]}
{[%emt 00:01:12]} 13. Ne5 {[%clk 01:33:08]} {[%emt 00:01:37]} Bd6 {[%clk
01:20:23]} {[%emt 00:03:38]} 14. f4 {[%clk 01:29:17]} {[%emt 00:04:21]} O-O
{[%clk 01:18:05]} {[%emt 00:02:48]} 15. O-O {[%clk 01:28:30]} {[%emt 00:01:16]}
Nd5 {[%clk 01:15:47]} {[%emt 00:02:48]} 16. Qe4 {[%clk 00:41:10]} {[%emt
00:47:50]} Nf6 {[%clk 01:06:05]} {[%emt 00:10:11]} 17. Qe1 {[%clk 00:38:27]}
{[%emt 00:03:13]} Qc5+ {[%clk 01:01:45]} {[%emt 00:04:50]} 18. Kh1 {[%clk
00:38:05]} {[%emt 00:00:53]} Qd5 {[%clk 01:01:27]} {[%emt 00:00:48]} 19. Nf3
{[%clk 00:34:34]} {[%emt 00:04:01]} Bxf4 {[%clk 00:59:55]} {[%emt 00:02:02]}
20. b3 {[%clk 00:34:50]} {[%emt 00:00:14]} Bd6 {[%clk 00:39:32]} {[%emt
00:20:52]} 21. Qh4 {[%clk 00:34:44]} {[%emt 00:00:36]} e5 {[%clk 00:37:53]}
{[%emt 00:02:10]} 22. Bb2 {[%clk 00:33:52]} {[%emt 00:01:22]} h6 {[%clk
00:35:30]} {[%emt 00:02:53]} 23. Rae1 {[%clk 00:30:23]} {[%emt 00:03:58]} Rfe8
{[%clk 00:25:24]} {[%emt 00:10:35]} 24. Bc4 {[%clk 00:24:24]} {[%emt 00:06:30]}
Qc6 {[%clk 00:20:13]} {[%emt 00:05:42]} 25. Re2 {[%clk 00:24:03]} {[%emt
00:00:51]} Nd5 {[%clk 00:13:54]} {[%emt 00:06:49]} 26. Bxe5 {[%clk 00:16:43]}
{[%emt 00:07:49]} Bxe5 {[%clk 00:13:23]} {[%emt 00:01:01]} 27. Rxe5 {[%clk
00:17:05]} {[%emt 00:00:08]} Nc7 {[%clk 00:06:39]} {[%emt 00:07:14]} 28. Bxf7+
{[%clk 00:07:42]} {[%emt 00:09:53]} Kxf7 {[%clk 00:07:02]} {[%emt 00:00:07]}
29. Nd4+ {[%clk 00:08:09]} {[%emt 00:00:03]} 1-0

[Event "ODJM A 2024"]
[Site "Willingen GER"]
[Date "2024.05.24"]
[Round "8"]
[White "Heimann, Alexander"]
[Black "Stiehler, Daniel"]
[Result "1-0"]
[Termination "normal"]
[Board "27"]
[WhiteElo "1927"]
[BlackElo "1923"]
[WhiteClock "00:15:19"]
[BlackClock "00:14:41"]
[PlyCount "60"]
[WhiteFideId "16215346"]
[BlackFideId "34604863"]
[EventCountry "GER"]
[EventRounds "9"]
[EventType "swiss"]
[EventDate "2024.05.18"]

1. d4 {[%clk 01:30:55]} {[%emt 00:00:03]} Nf6 {[%clk 01:30:56]} {[%emt
00:00:04]} 2. Nf3 {[%clk 01:30:32]} {[%emt 00:00:53]} g6 {[%clk 01:30:22]}
{[%emt 00:01:04]} 3. g3 {[%clk 01:30:37]} {[%emt 00:00:25]} Bg7 {[%clk
01:30:44]} {[%emt 00:00:08]} 4. Bg2 {[%clk 01:30:57]} {[%emt 00:00:10]} d6
{[%clk 01:31:04]} {[%emt 00:00:11]} 5. O-O {[%clk 01:31:18]} {[%emt 00:00:08]}
O-O {[%clk 01:31:26]} {[%emt 00:00:09]} 6. c4 {[%clk 01:31:30]} {[%emt
00:00:18]} c6 {[%clk 01:31:52]} {[%emt 00:00:04]} 7. Nc3 {[%clk 01:31:48]}
{[%emt 00:00:12]} Bf5 {[%clk 01:32:15]} {[%emt 00:00:05]} 8. Qb3 {[%clk
01:25:27]} {[%emt 00:06:51]} Qc7 {[%clk 01:30:08]} {[%emt 00:02:37]} 9. Re1
{[%clk 01:21:16]} {[%emt 00:04:41]} Ne4 {[%clk 01:26:18]} {[%emt 00:04:21]} 10.
Nh4 {[%clk 01:16:34]} {[%emt 00:05:11]} Nxc3 {[%clk 01:25:49]} {[%emt
00:01:00]} 11. Qxc3 {[%clk 01:16:05]} {[%emt 00:00:59]} Bg4 {[%clk 01:22:53]}
{[%emt 00:03:24]} 12. h3 {[%clk 01:14:31]} {[%emt 00:02:05]} Bd7 {[%clk
01:21:55]} {[%emt 00:01:28]} 13. Nf3 {[%clk 01:06:55]} {[%emt 00:08:05]} Qc8
{[%clk 01:17:45]} {[%emt 00:04:38]} 14. Kh2 {[%clk 01:05:50]} {[%emt 00:01:37]}
Na6 {[%clk 01:16:00]} {[%emt 00:02:16]} 15. Bg5 {[%clk 01:01:49]} {[%emt
00:04:30]} Re8 {[%clk 01:14:48]} {[%emt 00:01:41]} 16. e4 {[%clk 01:01:01]}
{[%emt 00:01:19]} e5 {[%clk 01:10:16]} {[%emt 00:05:03]} 17. Be3 {[%clk
00:55:13]} {[%emt 00:06:19]} Qc7 {[%clk 01:07:17]} {[%emt 00:03:28]} 18. Rad1
{[%clk 00:54:19]} {[%emt 00:01:25]} Rad8 {[%clk 01:07:06]} {[%emt 00:00:40]}
19. a3 {[%clk 00:52:29]} {[%emt 00:02:21]} b6 {[%clk 00:57:07]} {[%emt
00:10:28]} 20. b4 {[%clk 00:40:56]} {[%emt 00:12:04]} d5 {[%clk 00:51:19]}
{[%emt 00:06:15]} 21. Nxe5 {[%clk 00:33:10]} {[%emt 00:08:19]} dxe4 {[%clk
00:48:54]} {[%emt 00:02:54]} 22. Bf4 {[%clk 00:29:26]} {[%emt 00:04:14]} Qc8
{[%clk 00:47:11]} {[%emt 00:02:13]} 23. Bxe4 {[%clk 00:24:53]} {[%emt
00:05:04]} Bxe5 {[%clk 00:36:52]} {[%emt 00:10:49]} 24. Bxe5 {[%clk 00:24:41]}
{[%emt 00:00:41]} Bxh3 {[%clk 00:27:25]} {[%emt 00:09:57]} 25. Qe3 {[%clk
00:22:21]} {[%emt 00:02:49]} Qg4 {[%clk 00:24:57]} {[%emt 00:02:58]} 26. Bxc6
{[%clk 00:18:25]} {[%emt 00:04:27]} f6 {[%clk 00:14:56]} {[%emt 00:10:31]} 27.
Bxe8 {[%clk 00:15:02]} {[%emt 00:03:54]} Rxe8 {[%clk 00:15:11]} {[%emt
00:00:13]} 28. Qh6 {[%clk 00:14:45]} {[%emt 00:00:47]} fxe5 {[%clk 00:14:45]}
{[%emt 00:00:57]} 29. Qxh3 {[%clk 00:15:02]} {[%emt 00:00:13]} Qf3 {[%clk
00:15:00]} {[%emt 00:00:13]} 30. Qg2 {[%clk 00:15:19]} {[%emt 00:00:15]} Qxa3
{[%clk 00:14:41]} {[%emt 00:00:50]} 1-0